Reportaje a Cortázar.
Guardado en:
| Formato: | |
|---|---|
| Materias: | |
| Etiquetas: |
Agregar Etiqueta
Sin Etiquetas, Sea el primero en etiquetar este registro!
|
| LEADER | 00691ngm a22002055g 4500 | ||
|---|---|---|---|
| 001 | CEM.cems022037 | ||
| 008 | 130507b1978##################0###0#####d | ||
| 005 | 20241001132527.0 | ||
| 245 | 0 | 0 | |a Reportaje a Cortázar. |
| 300 | |a 106'. | ||
| 500 | |a En soporte VHS, consultar en ventanilla. | ||
| 505 | 0 | |a Reportaje realizado a Julio Cortázar en Madrid del año 1978. | |
| 538 | |a Soporte: VHS - Norma: Pal N - Color - Venezolana de Tv/94 - Hitachi=0000 | ||
| 082 | A | 8 | |0 /COR |
| 653 | |a LENGUA Y LITERATURA | ||
| 653 | |a LITERATURA | ||
| 653 | |a CORTAZAR, JULIO | ||
| 653 | |a NIVEL PRIMARIO | ||
| 653 | |a NIVEL SECUNDARIO | ||
| 859 | |a CEMS |b BIB. CEMS - Depto. Recursos Didacticos |h 860 |i COR |k DRD |p 680.12 |t Ej.1 | ||
